01969agaaa2200301 45000010005000000030009000050050017000140070009000310080040000400400023000800410013001031000053001161300035001692450246002042500022004502600124004723000034005965080241006305110089008715200358009605380016013185460013013346500066013477000070014137000063014837000065015467000056016118491IT-RoPAU20220918181253.0d cvaizq50131s9999||||xx ||| | || ||und|| aIT-RoPAUcIT-RoPAU aITALIANO aCalderone GianluigigCodice regista SPICS: 59393 aDON ZENO. L'UOMO DI NOMADELFIA aDON ZENO. L'UOMO DI NOMADELFIAcProdotto da: Rossini M. Cope C. -- Sceneggiatura: Badalucco Nicola Badalucco Giuseppe De Angelis Franca -- Diretto da: Calderone GianluigipDON ZENO. L'UOMO DI NOMADELFIA (Rif. Codice opera principale : H8491) aEdizione Standard a(ITALIA)bRAI FICTION - RED FILM / Distribuzione: MULTIMEDIA SAN PAOLOg"2008 (1° ed.: 2008 ; Ed. Lingua Orig.: 2008)" aDVDbsonoro, col.c200 minuti a"Fotografia: Bastelli Cesare; Montaggio: Romano Valentina; Musica: Vivaldi Paolo; Sceneggiatura: Badalucco Nicola Badalucco Giuseppe De Angelis Franca; Scenografia: Bogdanova Ferrara E.; Soggetto: Badalucco Nicola -- Badalucco Giuseppe" a"Scarpati Giulio; Briganti Isabella; Tenerani Nicolas; Cenci Stefano; Bern Federica" aQUESTA STRAORDINARIA FICTION TELEVISIVA (TRASMESSA DA RAI UNO) RACCONTA L'AVVENTURA UMANA DI UN PRETE CHE PER SALVARE I BAMBINI ABBANDONATI NELLA MISERIA E NELLA DISPERAZIONE E FARLI DIVENTARE PERSONE LIBERE E ONESTE, DOVETTE FARE I CONTI CON DUE GUERRE, CON IL FASCISMO, CON IL NAZISMO, CON LA DEMOCRAZIA. E CON SE STESSO... CONTENUTI EXTRA: BACKSTAGE. aPAL, STEREO aITALIANO aDRAMMA - BIOGRAFIeDVD-FILM [DVD]xCodice MATERIA SPICS: 9947 aBadalucco Giuseppe e(soggetto)gCodice Soggetto 2° SPICS: 59394 aBadalucco Nicola e(soggetto)gCodice Soggetto SPICS: 9682 aCalderone Gianluigi e(regista)gCodice regista SPICS: 59393 aVivaldi Paoloe(musica)gCodice Musica SPICS: 59395